| 000 | 00948nam a2200241 i 4500 | ||
|---|---|---|---|
| 001 | 11682 | ||
| 003 | ES-MaACL | ||
| 005 | 20230906150142.0 | ||
| 007 | t| | ||
| 008 | 960117s1995 sp a |||| | spa j | ||
| 020 | _a84-87661-49-1 | ||
| 080 | _a070(560) | ||
| 080 | _a946.0"1936/39":316.658(560) | ||
| 080 | _a316.658(560):946.0"1936/39" | ||
| 100 | 1 |
_aUriarte, Carmen. _9112145 |
|
| 245 | 1 | 4 |
_aLas relaciones hispano-turcas durante la guerra civil española, 1936-1939 _b: el ocaso de la república española desde la óptica de la república turca / _cCarmen Uriarte. |
| 260 |
_aMadrid : _bMinisterio de Asuntos Exteriores, Centro de Documentación y Publicaciones, _c1995. |
||
| 300 |
_a207 p. : _bil. ; _c24 cm. |
||
| 650 | 4 |
_aPrensa- _zTurquía. _916370 |
|
| 651 | 4 |
_aEspaña- _xHistoria- _y1936-1939, Guerra civil- _xOpinión turca. _9169242 |
|
| 710 | 1 |
_aEspaña. _bMinisterio de Asuntos Exteriores. _93845 |
|
| 852 |
_aES-MaACL _jL-19098 |
||
| 999 |
_c11682 _d11682 |
||